000 00895nam a2200265Ia 4500
003 GCL
008 140319s9999 xx 000 0 ara d
020 _a4065307977
040 _aGCL /
_cGCL
082 0 4 _a001.6425
_bس و
100 1 _aخالد العامرى
245 1 0 _aعلم نفسك ويندوز 98 TEACH YOURSELF WINDOWS 98 /
_cخالد العامرى
700 1 _aاندرداهل, وبريان
700 1 _aستيفينس، ال
700 1 _aهبة سلامة
250 _aالاولى
260 _aالقاهرة :
_bدار الفاروق للنشر والتوزيع ،
_c1999
300 _a416 ص:
_bايض ؛
_c24 سم
650 0 4 _aالحاسبات الالكترونية
650 0 4 _aالبرمجة
650 0 4 _aالبرامج الالية
650 0 4 _aالحاسبات الالكترونية - برامج
650 0 4 _aويندوز 98
942 _2ddc
_cBK
999 _c4983
_d4983